[Event "BL2 West 1819 (Women)"]
[Site "Germany"]
[Date "2018.10.28"]
[Round "2.3"]
[White "Wallat, Jessica"]
[Black "Browning, Rebecca"]
[Result "1-0"]
[WhiteElo "1729"]
[BlackElo "1873"]
[PlyCount "107"]
[EventDate "2018.10.27"]
[EventType "team-tourn"]
[EventRounds "7"]
[EventCountry "GER"]
[SourceTitle "CBM 190 Extra"]
[Source "ChessBase"]
[SourceDate "2019.07.15"]
[SourceVersion "1"]
[SourceVersionDate "2019.07.15"]
[SourceQuality "1"]
[WhiteTeam "Delmenhorst (W)"]
[BlackTeam "Paderborn Blauer Springer (W)"]
[WhiteTeamCountry "GER"]
[BlackTeamCountry "GER"]

1. e4 e6 2. d4 d5 3. Nd2 dxe4 4. Nxe4 Nf6 5. Ng3 Be7 6. Nf3 0-0 7. Bd3 b6 8. 0-0 Bb7 9. c3 Nbd7 10. Qe2 Nd5 11. Be3 Nxe3 12. fxe3 c5 13. Bb5 a6 14. Ba4 Nf6 15. Rad1 Qc7 16. e4 Rad8 17. Bc2 cxd4 18. cxd4 Rc8 19. Bd3 b5 20. Rc1 Qb6 21. Kh1 Rxc1 22. Rxc1 Rc8 23. Rxc8+ Bxc8 24. Qc2 Bb7 25. e5 Nd5 26. Bxh7+ Kh8 27. Be4 Qa5 28. a3 Qd8 29. b4 Qd7 30. h3 Bc6 31. Bxd5 Bxd5 32. Ne4 Qb7 33. Neg5 Bxg5 34. Nxg5 g6 35. Qf2 Kg8 36. Kh2 Kf8 37. h4 Qe7 38. Qc2 Bc4 39. Nh7+ Kg7 40. Nf6 Qd8 41. Qe4 a5 42. h5 axb4 43. h6+ Kh8 44. axb4 Qf8 45. Qf4 Bb3 46. Nd7 Qg8 47. Nc5 Bc2 48. Nb7 Bf5 49. Nd6 Kh7 50. g4 Bd3 51. Nxf7 g5 52. Nxg5+ Kxh6 53. Nf7+ Kh7 54. Qh6# 1-0

[Event "Rhein Main op-A 21st"]
[Site "Bad Homburg"]
[Date "2018.06.03"]
[Round "7"]
[White "Browning, Rebecca"]
[Black "Zuehlke, Burkhard"]
[Result "0-1"]
[WhiteElo "1880"]
[BlackElo "2021"]
[PlyCount "110"]
[EventDate "2018.05.30"]
[EventType "swiss"]
[EventRounds "7"]
[EventCountry "GER"]
[SourceTitle "EXT 2019"]
[Source "ChessBase"]
[SourceDate "2018.10.10"]
[SourceVersion "1"]
[SourceVersionDate "2018.10.10"]
[SourceQuality "1"]

1. e4 d6 2. d4 Nf6 3. Nc3 g6 4. Nf3 Bg7 5. Bc4 0-0 6. 0-0 Nxe4 7. Bxf7+ Rxf7 8. Nxe4 h6 9. Nh4 e5 10. Nf3 exd4 11. Nxd4 Qh4 12. Re1 Bd7 13. c3 Nc6 14. g3 Qd8 15. Be3 b6 16. Qd2 d5 17. Bxh6 Nxd4 18. cxd4 dxe4 19. Rxe4 Qf8 20. Bxg7 Qxg7 21. Rae1 Raf8 22. f4 Bc6 23. Re6 Bd5 24. R6e5 c6 25. Qc2 Rf5 26. Re7 Qxd4+ 27. Qf2 Qxf2+ 28. Kxf2 R8f7 29. a3 g5 30. Re8+ Kg7 31. Ke3 gxf4+ 32. gxf4 Kf6 33. Rg1 Re7+ 34. Rxe7 Kxe7 35. Rg7+ Rf7 36. Rg5 Rh7 37. Kd2 Rxh2+ 38. Kc3 a5 39. Re5+ Kd6 40. Rg5 Rf2 41. Rg4 Ke6 42. a4 Kf5 43. Rg7 Rxf4 44. Rb7 Rb4 45. Rb8 Ke5 46. Re8+ Kd6 47. Kc2 Rxa4 48. b3 Rb4 49. Kb2 a4 50. Ka3 Rxb3+ 51. Kxa4 Rb1 52. Ka3 Kc5 53. Re2 Rb3+ 54. Ka4 b5+ 55. Ka5 Ra3# 0-1

[Event "Rhein Main op-A 21st"]
[Site "Bad Homburg"]
[Date "2018.05.30"]
[Round "1"]
[White "Browning, Rebecca"]
[Black "Lindam, Ingo"]
[Result "1/2-1/2"]
[WhiteElo "1880"]
[BlackElo "2114"]
[PlyCount "147"]
[EventDate "2018.05.30"]
[EventType "swiss"]
[EventRounds "7"]
[EventCountry "GER"]
[SourceTitle "EXT 2019"]
[Source "ChessBase"]
[SourceDate "2018.10.10"]
[SourceVersion "1"]
[SourceVersionDate "2018.10.10"]
[SourceQuality "1"]

1. e4 c5 2. c3 Nf6 3. e5 Nd5 4. d4 cxd4 5. cxd4 e6 6. Nc3 Nxc3 7. bxc3 Qc7 8. Bd2 d6 9. f4 g5 10. Rc1 Nc6 11. Nf3 gxf4 12. Bxf4 dxe5 13. Nxe5 Bd6 14. Bb5 Bd7 15. Bxc6 Bxc6 16. Qh5 0-0-0 17. 0-0 Rhg8 18. Nxc6 Qxc6 19. g3 f5 20. Qe2 Bxf4 21. Rxf4 Rg6 22. Qf3 Qxf3 23. Rxf3 Rd6 24. Kf2 Kd7 25. Ke3 Rg4 26. Rf4 Rg7 27. Rh4 Re7 28. Kf4 Rd5 29. Re1 Ra5 30. Re2 Ra3 31. Rc2 Kd6 32. Ke3 Rc7 33. Kd3 b5 34. Kd2 Ra4 35. Kd3 Rac4 36. a3 a5 37. g4 fxg4 38. Rxg4 b4 39. axb4 axb4 40. Kd2 Rxc3 41. Rxc3 bxc3+ 42. Kc2 Kd5 43. Rh4 Kc4 44. h3 Kd5 45. Rh6 e5 46. dxe5 Kxe5 47. Rh4 Kf5 48. Rd4 Rc6 49. Rh4 h6 50. Rd4 Ke5 51. Rg4 Kf5 52. Rd4 Rc5 53. Rh4 Kg5 54. Rd4 h5 55. Re4 Kf5 56. Rh4 Kg6 57. Re4 Kg5 58. Rd4 h4 59. Rg4+ Kh5 60. Rg8 Rc4 61. Rg7 Kh6 62. Rg8 Kh5 63. Rg7 Rc8 64. Rg1 Rf8 65. Kxc3 Rf3+ 66. Kd2 Rxh3 67. Ke2 Ra3 68. Rg8 Ra6 69. Kf2 Rf6+ 70. Kg2 Ra6 71. Kh3 Ra3+ 72. Kh2 Rg3 73. Rxg3 hxg3+ 74. Kxg3 1/2-1/2

[Event "GER-ch U18 Girls"]
[Site "Willingen"]
[Date "2018.05.22"]
[Round "4"]
[White "Kolb, Verena"]
[Black "Browning, Rebecca"]
[Result "1/2-1/2"]
[WhiteElo "1770"]
[BlackElo "1939"]
[PlyCount "113"]
[EventDate "2018.05.19"]
[EventType "swiss"]
[EventRounds "9"]
[EventCountry "GER"]
[SourceTitle "CBM 184 Extra"]
[Source "ChessBase"]
[SourceDate "2018.06.28"]
[SourceVersion "1"]
[SourceVersionDate "2018.06.28"]
[SourceQuality "1"]

1. e4 e6 2. d4 d5 3. exd5 exd5 4. Bd3 c5 5. dxc5 Bxc5 6. Qe2+ Qe7 7. Nc3 Qxe2+ 8. Ngxe2 Nf6 9. Nb5 Na6 10. Bf4 0-0 11. Bd6 Bxd6 12. Nxd6 Nb4 13. Nf4 Nxd3+ 14. Nxd3 Rd8 15. Nxc8 Re8+ 16. Kd1 Raxc8 17. f3 Kf8 18. Kd2 d4 19. Rhe1 Nd5 20. Rxe8+ Rxe8 21. Re1 Ne3 22. g3 Rc8 23. c3 Nc4+ 24. Kc2 dxc3 25. bxc3 Na3+ 26. Kb3 Nb5 27. Rc1 b6 28. a4 Nd6 29. Ne5 f6 30. Rd1 Ke7 31. Nd3 Nc4 32. Nb4 Na5+ 33. Kb2 Nb7 34. Nd5+ Kf7 35. Re1 Re8 36. Rxe8 Kxe8 37. Kb3 Kd7 38. Kb4 Kd6 39. c4 Na5 40. h4 Kc6 41. Ne7+ Kb7 42. Nf5 Nc6+ 43. Kc3 g6 44. Nd6+ Ka6 45. Ne4 f5 46. Ng5 h6 47. Nf7 h5 48. f4 Ka5 49. Ne5 Ne7 50. Kb3 Ka6 51. Kb4 Kb7 52. c5 Nd5+ 53. Kc4 Ne3+ 54. Kd4 Nf1 55. Nxg6 bxc5+ 56. Kxc5 Nxg3 57. Ne7 1/2-1/2

[Event "GER-ch U18 Girls"]
[Site "Willingen"]
[Date "2018.05.20"]
[Round "1"]
[White "Moeller, Hannah Sophie"]
[Black "Browning, Rebecca"]
[Result "1-0"]
[WhiteElo "1786"]
[BlackElo "1939"]
[PlyCount "81"]
[EventDate "2018.05.19"]
[EventType "swiss"]
[EventRounds "9"]
[EventCountry "GER"]
[SourceTitle "CBM 184 Extra"]
[Source "ChessBase"]
[SourceDate "2018.06.28"]
[SourceVersion "1"]
[SourceVersionDate "2018.06.28"]
[SourceQuality "1"]

1. d4 d5 2. Nf3 Nc6 3. g3 Bg4 4. Bg2 Qd7 5. c4 dxc4 6. Na3 0-0-0 7. 0-0 Bxf3 8. exf3 Nxd4 9. Nxc4 f6 10. f4 h5 11. Be3 h4 12. Na5 c6 13. Rc1 hxg3 14. fxg3 e5 15. Kh1 Ne7 16. fxe5 Nef5 17. Bf2 fxe5 18. a3 g5 19. Qd3 Bd6 20. b4 Qh7 21. h3 e4 22. Qxe4 Bxg3 23. Bxd4 Nxd4 24. Qg4+ Qd7 25. Qxg3 Ne2 26. Qf2 Nxc1 27. Rxc1 Rdf8 28. Qxa7 Rxh3+ 29. Kg1 Rc3 30. Qa8+ Kc7 31. Qxb7+ Kd8 32. Qb8+ Ke7 33. Qe5+ Kd8 34. Qxc3 Qa7+ 35. Qc5 Qxc5+ 36. Rxc5 g4 37. Nxc6+ Kc7 38. Ne5+ Kd6 39. Nxg4 Rf4 40. Ne3 Rf7 41. Nc4+ 1-0